000 00488nam a2200181Ia 4500
003 IN-BaIIA
008 211028s9999 xx 000 0 eng d
040 _cIIA Library
080 _a535.33
_bMAV
100 _aMavrodineanu, Radu
_94606
245 0 _aFlame spectroscopy
_c Radu Mavrodineanu
260 _aNew York
_bJohn Wiley & Sons
_c1965
300 _axiv,721p.
650 _aFlame spectra
_94607
650 _aFlame Spectroscopy
_94608
700 _aBoiteux, Henri
_94609
942 _cBK
999 _c2593
_d2593